| 000 | 00664nam a2200205Ia 4500 | ||
|---|---|---|---|
| 003 | GCL | ||
| 008 | 140319s9999 xx 000 0 ara d | ||
| 040 |
_aGCL / _cGCL |
||
| 082 | 0 | 4 |
_a001.5 _bس م |
| 100 | 1 | _aسعيد محمد السيد | |
| 245 | 1 | 0 |
_aانتاج الاخبار فى الراديو والتليفزيون / _cسعيد محمد السيد |
| 260 |
_aالقاهرة : _bعالم الكتب الحديث ، _c1988 |
||
| 300 |
_a231 ص ؛ _c24 سم |
||
| 650 | 0 | 4 | _aالتليفزيون |
| 650 | 0 | 4 | _aوسائل الاعلام |
| 650 | 0 | 4 | _aالاذاعة |
| 650 | 0 | 4 | _aوسائل الاتصال |
| 650 | 0 | 4 | _aالاخبار |
| 942 |
_2ddc _cBK |
||
| 999 |
_c7330 _d7330 |
||